Loading...
| History - American | 0 | 5 | 0 | 3 | 50 | 33 | 96.00 | 1 | 1 | 0.00 | 0.00 |
| Social Science | 0 | 5 | 1 | 1 | 45 | 61 | 82.20 | 1 | 3 | 0.00 | 0.00 |
| Fine Arts - Other | 0 | 4 | 0 | 0 | 40 | 83 | 104.25 | 1 | 4 | 0.00 | 0.00 |
| History - World | 0 | 3 | 0 | 0 | 30 | 39 | 54.33 | 2 | 3 | 0.00 | 0.00 |
| Philosophy | 0 | 3 | 1 | 0 | 25 | 106 | 113.33 | 0 | 2 | 0.00 | 0.00 |
| Literature - British | 0 | 2 | 0 | 2 | 20 | 106 | 122.50 | 1 | 1 | 0.00 | 0.00 |
| History - European | 0 | 3 | 2 | 0 | 20 | 89 | 109.67 | 0 | 1 | 0.00 | 0.00 |
| Pop Culture | 0 | 2 | 0 | 0 | 20 | 77 | 86.50 | 0 | 1 | 0.00 | 0.00 |
| Science - Other | 0 | 2 | 0 | 1 | 20 | 112 | 114.50 | 0 | 0 | 0.00 | 0.00 |
| Fine Arts - Visual | 0 | 2 | 1 | 0 | 15 | 90 | 90.50 | 0 | 2 | 0.00 | 0.00 |
| Literature - American | 0 | 1 | 0 | 0 | 10 | 129 | 129.00 | 0 | 0 | 0.00 | 0.00 |
| Other Academic | 0 | 1 | 0 | 1 | 10 | 116 | 116.00 | 0 | 0 | 0.00 | 0.00 |
| Geography/Current Events | 0 | 2 | 2 | 0 | 10 | 63 | 85.00 | 0 | 1 | 0.00 | 0.00 |
| Fine Arts - Classical Music | 0 | 1 | 0 | 0 | 10 | 110 | 110.00 | 0 | 0 | 0.00 | 0.00 |
| Science - Chemistry | 0 | 1 | 1 | 1 | 5 | 128 | 128.00 | 0 | 0 | 0.00 | 0.00 |
| Literature - World/Other | 0 | 0 | 0 | 0 | 0 | 0.00 | 0 | 0 | 0.00 | 0.00 | |
| Religion | 0 | 1 | 2 | 1 | 0 | 119 | 119.00 | 0 | 0 | 0.00 | 0.00 |
| Mythology | 0 | 1 | 2 | 0 | 0 | 99 | 99.00 | 0 | 0 | 0.00 | 0.00 |
| History - Other | 0 | 1 | 2 | 0 | 0 | 42 | 42.00 | 1 | 1 | 0.00 | 0.00 |